[Event "Titled Tuesday intern op 21st May Early"]
[Site "Chess.com INT"]
[Date "2024.05.21"]
[Round "6"]
[White "Grave, Jacob Templen"]
[Black "Vaz, Ethan"]
[Result "0-1"]
[WhiteElo "2286"]
[BlackElo "2423"]
[PlyCount "66"]
[EventDate "2024.05.21"]
[EventType "swiss (blitz)"]
[EventRounds "11"]
[EventCountry "USA"]
[SourceTitle "CB22_2024"]
[SourceDate "2024.05.29"]
[SourceVersion "1"]
[SourceVersionDate "2024.05.29"]
[SourceQuality "1"]

1. e4 b6 2. d4 Bb7 3. Nc3 e6 4. Bd3 Bb4 5. Nge2 d5 6. e5 c5 7. Bb5+ Bc6 8. a3 Bxc3+ 9. Nxc3 a6 10. Bd3 Ne7 11. Qg4 0-0 12. h4 Kh8 13. h5 h6 14. Rh3 Nd7 15. Rg3 Rg8 16. Bxh6 gxh6 17. Qf4 Qf8 18. Rf3 cxd4 19. Qxd4 Qg7 20. 0-0-0 Nxe5 21. Rg3 Nxd3+ 22. Qxd3 Qe5 23. Qd2 Nf5 24. Rf3 d4 25. Rxf5 Qxf5 26. Qxd4+ Kh7 27. Qxb6 Bxg2 28. Rd7 Rab8 29. Qc7 Rb7 30. Qd6 Rxd7 31. Qxd7 Bd5 32. Nxd5 Rg1+ 33. Kd2 Qxd5+ 0-1

[Event "Dubai Police op-A"]
[Site "Dubai"]
[Date "2024.05.12"]
[Round "9"]
[White "Vaz, Ethan"]
[Black "Aradhya, Garg"]
[Result "0-1"]
[WhiteElo "2426"]
[BlackElo "2388"]
[PlyCount "170"]
[EventDate "2024.05.04"]
[EventType "swiss"]
[EventRounds "9"]
[EventCountry "UAE"]
[SourceTitle "CB20_2024"]
[SourceDate "2024.05.16"]
[SourceVersion "1"]
[SourceVersionDate "2024.05.16"]
[SourceQuality "1"]

1. e4 e5 2. Nf3 Nc6 3. Bb5 a6 4. Ba4 Nf6 5. 0-0 b5 6. Bb3 Bc5 7. a4 Bb7 8. c3 d6 9. Re1 0-0 10. d4 Bb6 11. Bg5 h6 12. Bh4 exd4 13. cxd4 g5 14. Bg3 g4 15. d5 Na5 16. Nh4 Nxb3 17. Qxb3 Re8 18. Nc3 Nh5 19. axb5 Nxg3 20. hxg3 Qf6 21. Nf5 Bc8 22. Qc2 Bxf5 23. exf5 a5 24. Re4 h5 25. Rd1 Kg7 26. Rf4 Re5 27. Ne4 Qd8 28. Kh2 f6 29. Qd3 Qd7 30. Nd2 Rae8 31. Nc4 Re2 32. Nxb6 cxb6 33. b3 Rb2 34. Qc3 Ree2 35. Qd4 Qc7 36. Rf1 Qc5 37. Qd3 Rbd2 38. Qc4 Qxc4 39. bxc4 Kh6 40. Kg1 Kg5 41. Kh2 h4 42. Ra1 hxg3+ 43. Kxg3 Rd3+ 44. f3 Rxg2+ 45. Kxg2 Kxf4 46. fxg4 Kxg4 47. Re1 a4 48. Kf2 a3 49. Ke2 Rb3 50. Kd2 a2 51. Ra1 Ra3 52. c5 dxc5 53. d6 Kxf5 54. d7 Ra8 55. Kc3 Rd8 56. Rxa2 Rxd7 57. Ra6 Rd6 58. Ra7 Kg6 59. Rc7 f5 60. Rc6 Rf6 61. Kd3 Kf7 62. Rc7+ Ke6 63. Rb7 Kd5 64. Rd7+ Rd6 65. Rc7 f4 66. Ke2 Rh6 67. Kd3 Rh3+ 68. Kc2 Kc4 69. Rf7 f3 70. Rf4+ Kxb5 71. Rf6 Rh2+ 72. Kd3 Ra2 73. Kc3 Ra3+ 74. Kb2 Re3 75. Kc2 c4 76. Kd2 Ra3 77. Kc2 Kc5 78. Rf5+ Kb4 79. Kb2 Re3 80. Kc2 b5 81. Rf4 Re2+ 82. Kd1 Rf2 83. Ke1 Ra2 84. Rxf3 c3 85. Rf5 Ra1+ 0-1

[Event "Dubai Police op-A"]
[Site "Dubai"]
[Date "2024.05.06"]
[Round "3"]
[White "Vaz, Ethan"]
[Black "Sethuraman, SP."]
[Result "0-1"]
[WhiteElo "2426"]
[BlackElo "2593"]
[PlyCount "180"]
[EventDate "2024.05.04"]
[EventType "swiss"]
[EventRounds "9"]
[EventCountry "UAE"]
[SourceTitle "CB20_2024"]
[SourceDate "2024.05.16"]
[SourceVersion "1"]
[SourceVersionDate "2024.05.16"]
[SourceQuality "1"]

1. e4 e5 2. Nf3 Nc6 3. Bb5 a6 4. Ba4 d6 5. c3 Bd7 6. 0-0 Nf6 7. Re1 g6 8. d4 Bg7 9. dxe5 Nxe5 10. Nxe5 dxe5 11. Bxd7+ Qxd7 12. Qxd7+ Kxd7 13. Nd2 Ke6 14. Nb3 b6 15. a4 a5 16. Bg5 Ne8 17. Rad1 Nd6 18. Nd2 f6 19. Be3 h5 20. f3 Bh6 21. Kf2 Bxe3+ 22. Rxe3 Rhb8 23. Rd3 b5 24. Nb3 Ke7 25. Nc5 Rb6 26. axb5 Rxb5 27. Na4 Rab8 28. Ke2 h4 29. h3 f5 30. exf5 gxf5 31. Rd5 Kf6 32. Kf2 Nc4 33. Rxb5 Rxb5 34. Rb1 Rd5 35. Re1 Rb5 36. Rb1 Rd5 37. Re1 f4 38. b4 Ne3 39. Nc5 axb4 40. cxb4 Rd4 41. Ne4+ Ke6 42. Rb1 Rc4 43. Ke2 Nd5 44. Rb2 Rxb4 45. Rc2 Rb6 46. Nc5+ Ke7 47. Ne4 Rg6 48. Ke1 c6 49. Ra2 Ne3 50. Ra5 Ke6 51. Rc5 Kf5 52. Nf2 Nxg2+ 53. Ke2 Ne3 54. Nd3 Nd5 55. Nf2 Nc7 56. Nd3 Re6 57. Nf2 Nb5 58. Ng4 Nc7 59. Nf2 Rd6 60. Ne4 Rg6 61. Kf2 Nb5 62. Nd2 Nd4 63. Nc4 Re6 64. Ra5 Re7 65. Nd6+ Ke6 66. Ne4 Re8 67. Nc5+ Kf5 68. Nd3 Kf6 69. Rc5 Re7 70. Kg2 Rg7+ 71. Kf2 Rg5 72. Kf1 Nxf3 73. Rxc6+ Kf5 74. Rc5 Rg3 75. Rc8 Nh2+ 76. Ke2 Re3+ 77. Kd2 Nf3+ 78. Kc2 Ne1+ 79. Nxe1 Rxe1 80. Rh8 f3 81. Kd2 Re2+ 82. Kd1 Ra2 83. Ke1 Kf4 84. Rb8 e4 85. Rb4 Kg3 86. Rb1 Rh2 87. Rb3 Rxh3 88. Re3 Kf4 89. Ra3 Rh1+ 90. Kd2 f2 0-1

[Event "Titled Tuesday intern op 16th Apr Early"]
[Site "Chess.com INT"]
[Date "2024.04.16"]
[Round "4"]
[White "Sjugirov, Sanan"]
[Black "Vaz, Ethan"]
[Result "1-0"]
[WhiteElo "2689"]
[BlackElo "2411"]
[PlyCount "89"]
[EventDate "2024.04.16"]
[EventType "swiss (blitz)"]
[EventRounds "11"]
[EventCountry "USA"]
[SourceTitle "CB17_2024"]
[SourceDate "2024.04.24"]
[SourceVersion "1"]
[SourceVersionDate "2024.04.24"]
[SourceQuality "1"]

1. e4 c5 2. Nf3 d6 3. d4 cxd4 4. Nxd4 Nf6 5. Nc3 a6 6. Be3 e5 7. Nf3 Be7 8. Bc4 Be6 9. Bb3 Nbd7 10. 0-0 Rc8 11. Nh4 Nc5 12. Bxc5 Rxc5 13. Nf5 Bxf5 14. exf5 d5 15. Re1 Qd6 16. Qe2 e4 17. Rad1 Qe5 18. f3 Bd6 19. g3 0-0 20. fxe4 d4 21. Nd5 Re8 22. Nxf6+ Qxf6 23. Qd3 Be5 24. Kg2 b5 25. Re2 Rb8 26. Ra1 a5 27. a4 b4 28. Rg1 Rbc8 29. h4 h6 30. Kh3 Kf8 31. Rgg2 Ke7 32. Ref2 Kd7 33. Rf3 Kc7 34. Rd2 Kb6 35. Qe2 Ka7 36. Kg2 Qe7 37. Rfd3 f6 38. Qf2 Rd8 39. Kh3 Kb8 40. c3 bxc3 41. bxc3 Rxc3 42. Rxc3 dxc3 43. Qb6+ Kc8 44. Be6+ Rd7 45. Qc6+ 1-0

[Event "Titled Tuesday intern op 02nd Apr Early"]
[Site "Chess.com INT"]
[Date "2024.04.02"]
[Round "4"]
[White "Vaz, Ethan"]
[Black "Hernando Rodrigo, Julio Antonio"]
[Result "1-0"]
[WhiteElo "2411"]
[BlackElo "2229"]
[PlyCount "81"]
[EventDate "2024.04.02"]
[EventType "swiss (blitz)"]
[EventRounds "11"]
[EventCountry "USA"]
[SourceTitle "CB15_2024"]
[SourceDate "2024.04.10"]
[SourceVersion "1"]
[SourceVersionDate "2024.04.10"]
[SourceQuality "1"]

1. Nf3 Nf6 2. g3 g6 3. Bg2 Bg7 4. 0-0 d5 5. d3 0-0 6. Nbd2 b6 7. e4 Bb7 8. exd5 Nxd5 9. Re1 c5 10. Ne4 Nc6 11. h4 h6 12. c3 Nf6 13. Qc2 Nxe4 14. dxe4 Qc7 15. Bf4 e5 16. Be3 c4 17. h5 g5 18. Nh2 Ne7 19. Rad1 f5 20. exf5 Bxg2 21. Kxg2 Nxf5 22. Qe4 Qf7 23. g4 Nh4+ 24. Kf1 Rad8 25. Ke2 Kh8 26. Rxd8 Rxd8 27. Rd1 Rd3 28. a3 Rxd1 29. Kxd1 Qe6 30. Nf1 Qd7+ 31. Kc2 b5 32. Nd2 a5 33. Bb6 a4 34. Qa8+ Kh7 35. Qe4+ Kh8 36. Bc5 Kg8 37. Nf1 Qc8 38. Qd5+ Kh8 39. Ne3 Qc7 40. Bd6 Kh7 41. Bxc7 1-0

[Event "Hanoi GM2 03"]
[Site "Hanoi"]
[Date "2024.03.20"]
[Round "8"]
[White "Laylo, Darwin"]
[Black "Vaz, Ethan"]
[Result "1-0"]
[WhiteElo "2408"]
[BlackElo "2409"]
[PlyCount "100"]
[EventDate "2024.03.19"]
[EventType "tourn"]
[EventRounds "9"]
[EventCountry "VIE"]
[SourceTitle "CB13_2024"]
[SourceDate "2024.03.27"]
[SourceVersion "1"]
[SourceVersionDate "2024.03.27"]
[SourceQuality "1"]

1. d4 Nf6 2. c4 e6 3. Nc3 d5 4. Nf3 Bb4 5. Qa4+ Nc6 6. e3 0-0 7. Bd2 dxc4 8. Bxc4 Bd6 9. Qc2 e5 10. dxe5 Nxe5 11. Be2 c6 12. h3 Re8 13. 0-0-0 b5 14. Kb1 Qc7 15. Nxe5 Bxe5 16. Bd3 h6 17. g4 b4 18. Ne2 c5 19. f4 Bd6 20. g5 hxg5 21. fxg5 Nd7 22. g6 Ne5 23. gxf7+ Qxf7 24. Rdf1 Qe7 25. Bh7+ Kh8 26. Nf4 Bb7 27. Be4 c4 28. Bd5 g5 29. Qe4 Rab8 30. Bxb7 Qxb7 31. Nd5 c3 32. h4 g4 33. Rf5 Re6 34. Rh5+ Kg8 35. Bc1 c2+ 36. Ka1 b3 37. Rg1 Qf7 38. Rf5 Qh7 39. Rxg4+ Kh8 40. Rgg5 Rg8 41. Rh5 Rh6 42. Nf6 Rxh5 43. Rxh5 Qxh5 44. Nxh5 Rg1 45. Qa8+ Rg8 46. Qh1 Bb8 47. axb3 Rg6 48. Qb7 Nd7 49. Qc8+ Kh7 50. Qxd7+ Kh6 1-0

[Event "Budapest Vezerkepzo GM Christmas"]
[Site "Budapest"]
[Date "2023.12.29"]
[Round "4"]
[White "Vaz, Ethan"]
[Black "Panesar, Vedant"]
[Result "1-0"]
[WhiteElo "2400"]
[BlackElo "2445"]
[PlyCount "79"]
[EventDate "2023.12.26"]
[EventType "tourn"]
[EventRounds "9"]
[EventCountry "HUN"]
[EventCategory "6"]
[SourceTitle "CB02_2024"]
[SourceDate "2024.01.10"]
[SourceVersion "1"]
[SourceVersionDate "2024.01.10"]
[SourceQuality "1"]

1. e4 e5 2. Nf3 Nc6 3. Bc4 Nf6 4. d3 Bc5 5. c3 d6 6. Nbd2 a5 7. a4 0-0 8. 0-0 Ba7 9. Bb3 Kh8 10. Nc4 Be6 11. Re1 h6 12. Be3 Bxc4 13. Bxc4 Bxe3 14. Rxe3 Qe7 15. Qb3 Rab8 16. Rae1 Nd7 17. Qc2 Nb6 18. Bb3 Qf6 19. Qd1 Rbd8 20. Nd2 Ne7 21. Nf1 g6 22. Rh3 Qg7 23. Qd2 Kh7 24. f4 Nd7 25. Bc2 Nf6 26. d4 Nh5 27. f5 Nf6 28. Ne3 g5 29. Nc4 b6 30. dxe5 dxe5 31. Rd3 Rxd3 32. Qxd3 Nc6 33. Ne3 Re8 34. Qc4 Nb8 35. Qxc7 Nbd7 36. Rd1 Re7 37. Nd5 Nxd5 38. exd5 f6 39. d6 Re8 40. Be4 1-0

[Event "Budapest Vezerkepzo GM 12"]
[Site "Budapest"]
[Date "2023.12.16"]
[Round "3"]
[White "Vaz, Ethan"]
[Black "Mohammad, Nubairshah Shaikh"]
[Result "1/2-1/2"]
[WhiteElo "2400"]
[BlackElo "2434"]
[PlyCount "63"]
[EventDate "2023.12.14"]
[EventType "tourn"]
[EventRounds "9"]
[EventCountry "HUN"]
[EventCategory "6"]
[SourceTitle "CB52_2023"]
[SourceDate "2023.12.27"]
[SourceVersion "1"]
[SourceVersionDate "2023.12.27"]
[SourceQuality "1"]

1. e4 c5 2. Nf3 e6 3. d4 cxd4 4. Nxd4 Nc6 5. Nc3 Qc7 6. Be3 a6 7. g4 b5 8. Nxc6 Qxc6 9. Qd2 b4 10. Ne2 Qxe4 11. Rg1 Qc4 12. Nf4 Qc7 13. 0-0-0 Nf6 14. Nh5 Bb7 15. Bb6 Qc6 16. Bg2 Qc8 17. Bd4 Nxh5 18. gxh5 Rg8 19. f4 f5 20. Bxb7 Qxb7 21. Rg3 Rc8 22. Be5 a5 23. Rd3 d5 24. Kb1 Kf7 25. Rg3 Rc4 26. Rdg1 Re4 27. Qg2 Qb5 28. c4 bxc3 29. Rxc3 Rc4 30. Rg3 Re4 31. Rc3 Rc4 32. Rg3 1/2-1/2

[Event "Budapest Vezerkepzo GM 12"]
[Site "Budapest"]
[Date "2023.12.14"]
[Round "1"]
[White "Vaz, Ethan"]
[Black "Matyassy, Lazar"]
[Result "1/2-1/2"]
[WhiteElo "2400"]
[BlackElo "2197"]
[PlyCount "122"]
[EventDate "2023.12.14"]
[EventType "tourn"]
[EventRounds "9"]
[EventCountry "HUN"]
[EventCategory "6"]
[SourceTitle "CB52_2023"]
[SourceDate "2023.12.27"]
[SourceVersion "1"]
[SourceVersionDate "2023.12.27"]
[SourceQuality "1"]

1. e4 c5 2. Nc3 Nc6 3. f4 e6 4. Nf3 d5 5. Bb5 d4 6. Ne2 Bd7 7. 0-0 Nf6 8. d3 Be7 9. Ng3 Na5 10. Bxd7+ Nxd7 11. f5 e5 12. Nh5 Rg8 13. f6 Bxf6 14. Nxf6+ gxf6 15. Nh4 Qe7 16. a3 Qe6 17. b4 Nc6 18. Kh1 0-0-0 19. bxc5 Nxc5 20. a4 a5 21. Bd2 b6 22. Qf3 Nd7 23. Bc1 Kc7 24. Ba3 Rg4 25. g3 Rgg8 26. Nf5 Nc5 27. Rfb1 Na6 28. Qf2 Nab4 29. Bc1 Na6 30. Qd2 Nab4 31. Ra3 Rg5 32. Qf2 Rgg8 33. Rab3 Kb7 34. Bd2 Kc7 35. Qe1 Rd7 36. Qd1 Rdd8 37. R3b2 Kb7 38. Qh5 Ka7 39. Rf1 Na6 40. Qh6 Rg6 41. Qxh7 Nc5 42. Ra1 Ne7 43. Qh5 Nxf5 44. Qxf5 Qxf5 45. exf5 Rgg8 46. Kg2 Rh8 47. h3 Rc8 48. Be1 e4 49. Ra3 e3 50. g4 Rh7 51. Bg3 Rch8 52. Bc7 Nd7 53. c3 dxc3 54. Rxc3 Rxh3 55. Re2 Ne5 56. Bxe5 fxe5 57. Re1 f6 58. Rc6 R3h4 59. Kg3 Rh3+ 60. Kg2 R3h4 61. Kg3 Rh3+ 1/2-1/2